Most Produced Tanks in WWII - Statistics

General Stats
  • This quiz has been taken 97 times
  • The average score is 2 of 10
Answer Stats
Hint Answer % Correct
#1 T-34
94%
#2 M4 Sherman
63%
#4 Panzer IV
43%
#8 BT-5
13%
#3 T-26
13%
#6 Valentine
9%
#7 T-70
2%
#9 Churchhill
1%
#10 FT-17
1%
#5 M47
0%
No matching quizzes found
Score Distribution
Percent of People with Each Score
Percentile by Number Answered
Your Score History
You have not taken this quiz